[Event "Crema op-A 17th"]
[Site "Crema"]
[Date "2016.09.03"]
[Round "3"]
[White "Giretti Kanev, Jasen"]
[Black "Guanciale, Orazio"]
[Result "0-1"]
[WhiteElo "2237"]
[BlackElo "2153"]
[PlyCount "116"]
[EventDate "2016.09.02"]
[EventType "swiss"]
[EventRounds "6"]
[EventCountry "ITA"]
[SourceTitle "EXT 2018"]
[Source "ChessBase"]
[SourceDate "2017.10.13"]
[SourceVersion "1"]
[SourceVersionDate "2017.10.13"]
[SourceQuality "1"]

1. c4 f5 2. g3 Nf6 3. Bg2 g6 4. Nc3 d6 5. d4 Bg7 6. Nh3 0-0 7. 0-0 Nc6 8. d5 Ne5 9. b3 c5 10. Bf4 Ne8 11. Qd2 Nf7 12. Ng5 Nc7 13. Rad1 Rb8 14. a4 a6 15. a5 b5 16. axb6 Rxb6 17. Rb1 Bd7 18. Na4 Rb4 19. Nxf7 Rxf7 20. Qc2 Bxa4 21. bxa4 a5 22. Bd2 Na6 23. Bxb4 cxb4 24. e4 f4 25. Bh3 Rf8 26. Be6+ Kh8 27. h4 Nc5 28. h5 gxh5 29. Bf5 Be5 30. Kg2 Rg8 31. Rh1 Qe8 32. Qe2 Rg5 33. Rh4 e6 34. dxe6 Nxe6 35. Bxe6 Qxe6 36. Rbh1 Qf7 37. Rxh5 Rxh5 38. Qxh5 Qxh5 39. Rxh5 b3 40. Rh1 fxg3 41. Rb1 b2 42. f4 Bd4 43. Kxg3 Kg7 44. Kf3 Kg6 45. e5 dxe5 46. Ke4 Kf6 47. fxe5+ Bxe5 48. Kd5 Bc3 49. c5 Ke7 50. Kc6 Bd4 51. Kb5 h5 52. Re1+ Kd7 53. Rd1 Kc7 54. Kxa5 Be3 55. Rb1 Bc1 56. Kb5 h4 57. a5 h3 58. a6 h2 0-1

[Event "Crema op 16th"]
[Site "Crema"]
[Date "2015.09.06"]
[Round "6"]
[White "Lazic, Miroljub"]
[Black "Guanciale, Orazio"]
[Result "1-0"]
[WhiteElo "2466"]
[BlackElo "2172"]
[PlyCount "43"]
[EventDate "2015.09.04"]
[EventType "swiss"]
[EventRounds "6"]
[EventCountry "ITA"]
[SourceTitle "EXT 2024"]
[Source "ChessBase"]
[SourceDate "2023.10.10"]
[SourceVersion "1"]
[SourceVersionDate "2023.10.10"]
[SourceQuality "1"]

1. g3 f5 2. c4 Nf6 3. Nf3 d6 4. d4 g6 5. b4 Bg7 6. Bb2 e5 7. dxe5 Ng4 8. Nc3 Nxe5 9. Nxe5 Bxe5 10. Bg2 Qf6 11. Qb3 Nc6 12. f4 Nd4 13. fxe5 Nxb3 14. exf6 Nxa1 15. Bxa1 c6 16. Kf2 Be6 17. b5 Rc8 18. bxc6 bxc6 19. Rd1 Kd7 20. c5 d5 21. e4 fxe4 22. Nxe4 1-0

[Event "Mirandola Giovanni Pico 3rd"]
[Site "Mirandola"]
[Date "2010.01.16"]
[Round "2"]
[White "Gaion, Giancarlo"]
[Black "Guanciale, Orazio"]
[Result "0-1"]
[WhiteElo "1935"]
[BlackElo "2167"]
[PlyCount "102"]
[EventDate "2010.01.15"]
[EventType "swiss"]
[EventRounds "5"]
[EventCountry "ITA"]
[SourceTitle "EXT 2024"]
[Source "ChessBase"]
[SourceDate "2023.10.10"]
[SourceVersion "1"]
[SourceVersionDate "2023.10.10"]
[SourceQuality "1"]

1. Nf3 f5 2. d4 Nf6 3. c4 g6 4. Nc3 Bg7 5. Qc2 d6 6. Bg5 Nc6 7. Bxf6 Bxf6 8. e3 0-0 9. a3 e5 10. dxe5 dxe5 11. Rd1 Qe8 12. Nd5 Bd8 13. c5 h6 14. Bc4 Kh7 15. h4 e4 16. Nd4 Nxd4 17. Rxd4 Be6 18. Nf4 Bxc4 19. Qxc4 Bf6 20. Rd2 Qf7 21. Ne6 Kh8 22. Qd5 Rfe8 23. Nf4 Qxd5 24. Nxd5 Be5 25. Ke2 Rad8 26. Rhd1 g5 27. hxg5 hxg5 28. Nb4 Rxd2+ 29. Rxd2 a5 30. Nd5 Kg7 31. Nxc7 Rc8 32. Rd7+ Kf6 33. Nd5+ Ke6 34. Nb6 Rxc5 35. Rxb7 Rc2+ 36. Kf1 Rxb2 37. Na4 Rxb7 38. Nc5+ Kd5 39. Nxb7 a4 40. Ke2 Bb2 41. Kd2 Bxa3 42. Kc3 Bd6 43. Na5 Be5+ 44. Kb4 Bh2 45. Kxa4 Bg1 46. Kb3 Bxf2 47. Nc4 f4 48. exf4 gxf4 49. Nb2 Bd4 50. Kc2 Bxb2 51. Kxb2 f3 0-1

[Event "Mirandola Giovanni Pico 3rd"]
[Site "Mirandola"]
[Date "2010.01.15"]
[Round "1"]
[White "Guanciale, Orazio"]
[Black "Mantovani, Enrico"]
[Result "1-0"]
[WhiteElo "2167"]
[BlackElo "1806"]
[PlyCount "91"]
[EventDate "2010.01.15"]
[EventType "swiss"]
[EventRounds "5"]
[EventCountry "ITA"]
[SourceTitle "EXT 2024"]
[Source "ChessBase"]
[SourceDate "2023.10.10"]
[SourceVersion "1"]
[SourceVersionDate "2023.10.10"]
[SourceQuality "1"]

1. e4 c6 2. d4 d5 3. exd5 cxd5 4. Bd3 Nc6 5. c3 Nf6 6. Bf4 Bg4 7. Qb3 Qc8 8. Nd2 e6 9. Ngf3 Be7 10. 0-0 0-0 11. Ne5 Nxe5 12. dxe5 Nd7 13. Qc2 g6 14. h3 Bf5 15. Bxf5 gxf5 16. Nf3 Kh8 17. Qe2 Rg8 18. Rfd1 Nb6 19. Be3 Qc4 20. Rd3 Qa6 21. b3 Rac8 22. Qd2 Qa3 23. Rd4 Bc5 24. Bg5 Bxd4 25. Bf6+ Rg7 26. Bxg7+ Kxg7 27. Qg5+ Kh8 28. cxd4 Qf8 29. Rc1 Rxc1+ 30. Qxc1 Qc8 31. Qc5 Kg8 32. Kh2 Qxc5 33. dxc5 Nd7 34. b4 h6 35. Kg3 f6 36. Kf4 Kf7 37. g4 fxg4 38. hxg4 Kg6 39. exf6 Kxf6 40. Ke3 Ne5 41. Nxe5 Kxe5 42. f4+ Kf6 43. Kd4 Kf7 44. b5 Ke7 45. Ke5 Kd7 46. g5 1-0

[Event "Alvise Zichichi mem 7th"]
[Site "Ladispoli"]
[Date "2009.09.27"]
[Round "7"]
[White "Luzi, Alessandro"]
[Black "Guanciale, Orazio"]
[Result "0-1"]
[WhiteElo "1917"]
[BlackElo "2155"]
[PlyCount "30"]
[EventDate "2009.09.19"]
[EventType "swiss"]
[EventRounds "8"]
[EventCountry "ITA"]
[SourceTitle "EXT 2012"]
[Source "ChessBase"]
[SourceDate "2011.11.24"]
[SourceVersion "1"]
[SourceVersionDate "2011.11.24"]
[SourceQuality "1"]

1. e4 e6 2. d4 d5 3. Nc3 Bb4 4. e5 c5 5. a3 Bxc3+ 6. bxc3 Qa5 7. Bd2 Qa4 8. f4 cxd4 9. cxd4 Qxd4 10. Nf3 Qc5 11. Bd3 Ne7 12. Rf1 Nbc6 13. Qe2 Nf5 14. Bxf5 exf5 15. Be3 d4 0-1

[Event "Alvise Zichichi mem 7th"]
[Site "Ladispoli"]
[Date "2009.09.26"]
[Round "5"]
[White "Iacoacci, Giancarlo"]
[Black "Guanciale, Orazio"]
[Result "1/2-1/2"]
[WhiteElo "1820"]
[BlackElo "2155"]
[PlyCount "135"]
[EventDate "2009.09.19"]
[EventType "swiss"]
[EventRounds "8"]
[EventCountry "ITA"]
[SourceTitle "EXT 2012"]
[Source "ChessBase"]
[SourceDate "2011.11.24"]
[SourceVersion "1"]
[SourceVersionDate "2011.11.24"]
[SourceQuality "1"]

1. d4 g6 2. e4 Bg7 3. Nc3 d6 4. Be3 a6 5. a4 Nc6 6. Nf3 Bg4 7. Be2 Nf6 8. h3 Bxf3 9. Bxf3 e5 10. Ne2 Nxe4 11. d5 Na5 12. Bxe4 f5 13. b4 Nc4 14. Qd3 Nxe3 15. Qxe3 fxe4 16. 0-0 0-0 17. Qxe4 Qg5 18. Rad1 Qf5 19. Qc4 Qd7 20. a5 b5 21. Qe4 Qf5 22. Ng3 Qg5 23. Ne2 Qf5 24. Ng3 Qd7 25. Ne2 Rac8 26. c4 c6 27. dxc6 Qxc6 28. Qxc6 Rxc6 29. cxb5 axb5 30. Rd5 Rb8 31. Rfd1 Bf8 32. Ng3 Rc4 33. Rb1 Kf7 34. f3 Ke6 35. Rd2 d5 36. Rdb2 h5 37. Kf1 h4 38. Ne2 Rbc8 39. a6 Ra8 40. Ra2 Rxb4 41. Rxb4 Bxb4 42. Rb2 Ba5 43. Rxb5 Rxa6 44. Nc1 Bb6 45. Nb3 Ba7 46. Ra5 Rxa5 47. Nxa5 Kf5 48. Nb3 Be3 49. Na5 Kf4 50. Nb3 Kg3 51. Na5 Kf4 52. Ke2 Kg3 53. Kf1 g5 54. Nc6 e4 55. fxe4 dxe4 56. Nb4 Bd4 57. Nc2 Bb6 58. Nb4 e3 59. Nd5 Bd4 60. Ne7 e2+ 61. Kxe2 Kxg2 62. Nf5 Bf6 63. Nh6 Kxh3 64. Kf3 Kh2 65. Ng4+ Kg1 66. Nxf6 h3 67. Ng4 Kh1 68. Kg3 1/2-1/2

[Event "Porto Mannu op"]
[Site "Porto Mannu"]
[Date "2008.05.24"]
[Round "9"]
[White "Kekki, Petri"]
[Black "Guanciale, Orazio"]
[Result "1/2-1/2"]
[WhiteElo "2411"]
[BlackElo "2182"]
[PlyCount "91"]
[EventDate "2008.05.17"]
[EventType "swiss"]
[EventRounds "9"]
[EventCountry "ITA"]
[SourceTitle "CBM 124 Extra"]
[Source "ChessBase"]
[SourceDate "2008.07.03"]
[SourceVersion "1"]
[SourceVersionDate "2008.07.03"]
[SourceQuality "1"]

1. d4 d6 2. Nc3 g6 3. Bg5 Bg7 4. e3 f5 5. h4 h6 6. Bf4 Nf6 7. Bd3 Nc6 8. Nf3 Ng4 9. d5 Nce5 10. Be2 c5 11. Nxe5 Nxe5 12. Qd2 Bd7 13. f3 b5 14. Nxb5 Rb8 15. Bxe5 Bxe5 16. c4 0-0 17. Rb1 a6 18. Na3 f4 19. e4 e6 20. b3 g5 21. hxg5 Qxg5 22. Kd1 Kg7 23. Kc2 Rb4 24. Rh2 Qd8 25. Rbh1 Qa5 26. Qc1 Ra4 27. dxe6 Rxa3 28. exd7 Rxa2+ 29. Kd3 Rh8 30. g4 Qd8 31. g5 Ra1 32. gxh6+ Kh7 33. Qd2 Rxh1 34. Rxh1 Qxd7 35. Kc2 Rb8 36. Qd5 a5 37. Rh5 Qe8 38. Rf5 Kxh6 39. Qd1 Qg6 40. Qh1+ Kg7 41. Qh4 Bf6 42. Qxf4 a4 43. bxa4 Rb2+ 44. Kd3 Rb3+ 45. Kc2 Rb2+ 46. Kd3 1/2-1/2

[Event "Porto Mannu op"]
[Site "Porto Mannu"]
[Date "2008.05.19"]
[Round "3"]
[White "Korneev, Oleg"]
[Black "Guanciale, Orazio"]
[Result "1-0"]
[WhiteElo "2651"]
[BlackElo "2182"]
[PlyCount "83"]
[EventDate "2008.05.17"]
[EventType "swiss"]
[EventRounds "9"]
[EventCountry "ITA"]
[SourceTitle "CBM 124 Extra"]
[Source "ChessBase"]
[SourceDate "2008.07.03"]
[SourceVersion "1"]
[SourceVersionDate "2008.07.03"]
[SourceQuality "1"]

1. e4 e6 2. d4 d5 3. Nd2 Nc6 4. Ngf3 Nf6 5. e5 Nd7 6. Be2 Be7 7. Nf1 0-0 8. Ne3 f6 9. exf6 Nxf6 10. 0-0 Bd6 11. c4 b6 12. b3 Bb7 13. Bb2 Bf4 14. a3 Qe8 15. Qd3 Rd8 16. cxd5 exd5 17. Rae1 Bxe3 18. fxe3 Ne4 19. b4 a6 20. Qc2 Rd6 21. Bd3 Rh6 22. Ne5 Rxf1+ 23. Rxf1 Nxe5 24. dxe5 Rc6 25. Qb3 Re6 26. Bxe4 dxe4 27. Rc1 Bc6 28. Qc4 Bb5 29. Qxc7 Rc6 30. Rxc6 Qxc6 31. Qb8+ Kf7 32. h3 g5 33. Bd4 g4 34. Qa7+ Qd7 35. Qxb6 Qf5 36. hxg4 Qxg4 37. Qf6+ Kg8 38. e6 Qd1+ 39. Kh2 Qh5+ 40. Kg3 Qg6+ 41. Qxg6+ hxg6 42. Kf4 1-0

[Event "Verona op 13th"]
[Site "Verona"]
[Date "2007.01.03"]
[Round "1"]
[White "Pomaro, Alberto"]
[Black "Guanciale, Orazio"]
[Result "1/2-1/2"]
[WhiteElo "2054"]
[BlackElo "2157"]
[PlyCount "73"]
[EventDate "2007.01.03"]
[EventType "swiss"]
[EventRounds "7"]
[EventCountry "ITA"]
[SourceTitle "CBM 116 Extra"]
[Source "ChessBase"]
[SourceDate "2007.03.07"]
[SourceVersion "1"]
[SourceVersionDate "2007.03.07"]
[SourceQuality "1"]

1. d4 d6 2. c4 f5 3. Nc3 Nf6 4. Nf3 g6 5. g3 Bg7 6. Bg2 0-0 7. 0-0 Qe8 8. d5 Na6 9. Nd4 Bd7 10. e4 fxe4 11. Nxe4 Nxe4 12. Bxe4 c6 13. Be3 Nc7 14. Qd2 c5 15. Ne2 b5 16. Bh6 Bxh6 17. Qxh6 bxc4 18. Nc3 Nb5 19. Nxb5 Bxb5 20. h4 Bd7 21. Rac1 Bf5 22. Rxc4 Qf7 23. Qe3 Rae8 24. Bg2 e5 25. dxe6 Bxe6 26. Rf4 Qg7 27. Rxf8+ Qxf8 28. Bc6 Re7 29. Re1 Qf6 30. b3 Kf7 31. Qh6 Kg8 32. Qe3 Kf7 33. Qd2 Bg4 34. Be4 Bf3 35. Bd5+ Bxd5 36. Qxd5+ Kg7 37. Rxe7+ 1/2-1/2

[Event "Piacenza op 1st"]
[Site "Piacenza"]
[Date "2005.11.06"]
[Round "4"]
[White "Guanciale, Orazio"]
[Black "Murgia, Andrea"]
[Result "1-0"]
[WhiteElo "2154"]
[BlackElo "2089"]
[PlyCount "85"]
[EventDate "2005.11.04"]
[EventType "swiss"]
[EventRounds "5"]
[EventCountry "ITA"]
[SourceTitle "CBM 109 Extra"]
[Source "ChessBase"]
[SourceDate "2006.01.03"]
[SourceVersion "2"]
[SourceVersionDate "2006.01.03"]
[SourceQuality "1"]

1. e4 e5 2. f4 exf4 3. Bc4 Qh4+ 4. Kf1 Nc6 5. d4 d6 6. Nc3 Bg4 7. Nf3 Bxf3 8. gxf3 Qh3+ 9. Kf2 g5 10. Nd5 0-0-0 11. c3 Bg7 12. Bf1 Qh4+ 13. Kg1 Nf6 14. Nxf6 Bxf6 15. Bd2 Nxd4 16. Be1 Qh6 17. cxd4 Rhg8 18. Kf2 g4 19. fxg4 Qh4+ 20. Ke2 Qxg4+ 21. Kd3 Qd7 22. Qb3 Kb8 23. h4 d5 24. e5 Qf5+ 25. Kd2 Qe4 26. Bf2 Be7 27. Ba6 b6 28. Qd3 Rg2 29. Raf1 Rdg8 30. Kc1 Rxf2 31. Qxe4 Rxf1+ 32. Rxf1 dxe4 33. Rxf4 e3 34. Kd1 Rd8 35. Bc4 c6 36. Ke2 Bf8 37. Rxf7 Bh6 38. Rxh7 Bf4 39. e6 Re8 40. d5 b5 41. Bb3 c5 42. Rf7 c4 43. Bxc4 1-0

[Event "Piacenza op 1st"]
[Site "Piacenza"]
[Date "2005.11.04"]
[Round "1"]
[White "Brigati, Alessandro"]
[Black "Guanciale, Orazio"]
[Result "1-0"]
[WhiteElo "2006"]
[BlackElo "2154"]
[PlyCount "87"]
[EventDate "2005.11.04"]
[EventType "swiss"]
[EventRounds "5"]
[EventCountry "ITA"]
[SourceTitle "CBM 109 Extra"]
[Source "ChessBase"]
[SourceDate "2006.01.03"]
[SourceVersion "2"]
[SourceVersionDate "2006.01.03"]
[SourceQuality "1"]

1. d4 f5 2. c4 Nf6 3. g3 g6 4. Bg2 Bg7 5. Nf3 0-0 6. 0-0 d6 7. Nc3 Qe8 8. Qc2 e5 9. dxe5 dxe5 10. e4 Nc6 11. Be3 f4 12. Bc5 Rf7 13. Rad1 b6 14. Ba3 Bg4 15. Rd3 h6 16. gxf4 Nh5 17. Nxe5 Nxe5 18. fxe5 Bxe5 19. Nd5 Qe6 20. h3 c6 21. hxg4 Qxg4 22. Qd1 Qxd1 23. Rdxd1 cxd5 24. cxd5 Nf4 25. b3 Ne2+ 26. Kh1 g5 27. Bc1 g4 28. Be3 h5 29. Rfe1 Nc3 30. Rd2 h4 31. Kg1 h3 32. Bh1 Nb5 33. Rc1 Kh7 34. Rc6 Nd6 35. Bd4 Bf4 36. Rdc2 g3 37. e5 g2 38. Rxd6 Rg8 39. Bxg2 Rxg2+ 40. Kf1 Rfg7 41. Rc3 Bg3 42. Rxg3 R7xg3 43. fxg3 Rxa2 44. Kg1 1-0

[Event "Genova op 9th"]
[Site "Genova"]
[Date "2005.08.10"]
[Round "3"]
[White "Guanciale, Orazio"]
[Black "Di Paolo, Raffaele"]
[Result "1/2-1/2"]
[WhiteElo "2159"]
[BlackElo "2271"]
[PlyCount "84"]
[EventDate "2005.08.08"]
[EventType "swiss"]
[EventRounds "9"]
[EventCountry "ITA"]
[SourceTitle "CBM 107 Extra"]
[Source "ChessBase"]
[SourceDate "2005.09.01"]
[SourceVersion "1"]
[SourceVersionDate "2005.09.01"]
[SourceQuality "1"]

1. d4 Nf6 2. Nc3 d5 3. Bg5 e6 4. e4 dxe4 5. Nxe4 Be7 6. Bxf6 gxf6 7. g3 b6 8. Bg2 c6 9. Nf3 Ba6 10. Qd2 Nd7 11. 0-0-0 Qc7 12. Kb1 0-0-0 13. Qc3 Bb7 14. Rhe1 h6 15. Qb3 f5 16. Nc3 Kb8 17. Ne2 c5 18. d5 c4 19. Qe3 Bc5 20. Qf4 Bd6 21. Qh4 Bxd5 22. Rxd5 exd5 23. Nc3 Qc5 24. Rd1 Ne5 25. Nd4 Bc7 26. f4 Ng4 27. Na4 Qd6 28. Nxf5 Qd7 29. Qxg4 Qxa4 30. Qf3 Rhe8 31. Nxh6 c3 32. Qxc3 Bxf4 33. gxf4 Qxf4 34. Qg3 Qxg3 35. hxg3 Re2 36. Nxf7 Rd7 37. Bf1 Re3 38. Nh6 Rxg3 39. Nf5 Rg1 40. c3 Rf7 41. Ne3 Rf3 42. Re1 Rxe3 1/2-1/2

[Event "Genova op 9th"]
[Site "Genova"]
[Date "2005.08.09"]
[Round "2"]
[White "Lanzani, Mario"]
[Black "Guanciale, Orazio"]
[Result "1/2-1/2"]
[WhiteElo "2356"]
[BlackElo "2159"]
[PlyCount "43"]
[EventDate "2005.08.08"]
[EventType "swiss"]
[EventRounds "9"]
[EventCountry "ITA"]
[SourceTitle "CBM 107 Extra"]
[Source "ChessBase"]
[SourceDate "2005.09.01"]
[SourceVersion "1"]
[SourceVersionDate "2005.09.01"]
[SourceQuality "1"]

1. e4 e6 2. d4 d5 3. Nc3 Bb4 4. e5 c5 5. a3 Bxc3+ 6. bxc3 Ne7 7. Nf3 Bd7 8. dxc5 Ng6 9. Bd3 Nc6 10. Rb1 Ncxe5 11. h4 Bc6 12. h5 Nxf3+ 13. Qxf3 Ne5 14. Qg3 Qf6 15. 0-0 h6 16. Bf4 Nxd3 17. cxd3 d4 18. Rb4 Rd8 19. Rxd4 Rxd4 20. cxd4 0-0 21. Re1 Kh7 22. Re3 1/2-1/2

[Event "Milan Crespi op 25th"]
[Site "Milan"]
[Date "2004.12.07"]
[Round "5"]
[White "Facchetti, Gianni"]
[Black "Guanciale, Orazio"]
[Result "1/2-1/2"]
[WhiteElo "2203"]
[BlackElo "2105"]
[PlyCount "115"]
[EventDate "2004.12.04"]
[EventType "swiss"]
[EventRounds "9"]
[EventCountry "ITA"]
[SourceTitle "EXT 2007"]
[Source "ChessBase"]
[SourceDate "2006.11.23"]
[SourceVersion "1"]
[SourceVersionDate "2006.11.23"]
[SourceQuality "1"]

1. e4 e6 2. d4 d5 3. exd5 exd5 4. Qf3 Nc6 5. c3 Nf6 6. h3 Bd6 7. Bd3 0-0 8. Bg5 Qe8+ 9. Ne2 Ne4 10. Bf4 Qe6 11. Bxd6 Qxd6 12. Bxe4 dxe4 13. Qxe4 Be6 14. 0-0 Rfe8 15. Qd3 Ne5 16. Qg3 Bc4 17. dxe5 Rxe5 18. Nd2 Bxe2 19. Rfe1 Rae8 20. Nb3 Bc4 21. Rxe5 Qxe5 22. Qxe5 Rxe5 23. Nd2 Ba6 24. Nf3 Rd5 25. Rc1 b6 26. Rc2 Kf8 27. Rd2 Bb7 28. Nd4 Ke7 29. f4 c5 30. Nb3 Kf6 31. g4 h5 32. Kf2 hxg4 33. hxg4 g5 34. Kg3 a5 35. a3 Rxd2 36. Nxd2 Bd5 37. Nf1 Be6 38. Ne3 gxf4+ 39. Kxf4 a4 40. Ng2 Bd5 41. g5+ Ke6 42. Ne3 Ba2 43. Ng4 Kd6 44. Ne5 Be6 45. c4 Ke7 46. Ke3 f6 47. gxf6+ Kxf6 48. Ke4 Kg5 49. Nf3+ Kf6 50. Nd2 Bf7 51. Kd3 Ke5 52. Kc3 Kf4 53. Nb1 Ke3 54. b4 axb3 55. Kxb3 b5 56. Kc3 Bxc4 57. a4 Ba2 58. axb5 1/2-1/2

[Event "Milan Crespi op 25th"]
[Site "Milan"]
[Date "2004.12.04"]
[Round "1"]
[White "Carbone, Lorenzo"]
[Black "Guanciale, Orazio"]
[Result "0-1"]
[WhiteElo "1908"]
[BlackElo "2105"]
[PlyCount "64"]
[EventDate "2004.12.04"]
[EventType "swiss"]
[EventRounds "9"]
[EventCountry "ITA"]
[SourceTitle "EXT 2007"]
[Source "ChessBase"]
[SourceDate "2006.11.23"]
[SourceVersion "1"]
[SourceVersionDate "2006.11.23"]
[SourceQuality "1"]

1. e4 e6 2. Nf3 d5 3. exd5 exd5 4. d4 Bd6 5. Bd3 Bg4 6. Be3 Ne7 7. h3 Bh5 8. 0-0 Nbc6 9. a3 Qd7 10. c4 dxc4 11. Bxc4 0-0-0 12. Nc3 f5 13. Re1 Kb8 14. Bg5 Qe8 15. Nb5 Qg6 16. Bxe7 Bxe7 17. d5 Bf6 18. Re6 a6 19. Nxc7 Kxc7 20. Bxa6 Rhe8 21. Rxe8 Qxe8 22. Bxb7 Nd4 23. Qd3 Nxf3+ 24. gxf3 Kxb7 25. a4 Bf7 26. d6 Qc6 27. a5 Rxd6 28. Qxf5 Bd5 29. Qf4 Bxf3 30. a6+ Ka7 31. Qe3+ Bd4 32. Qf4 Rg6+ 0-1